000 01180nam a22003497a 4500
003 CHAP
005 20220329134028.0
008 971013s1969 r 00010 d
010 _a14332
011 _a15304
035 _a19379
040 _cCHAP
090 _aTesis
100 0 0 _aGonzález Romero, Vicente.
_949369
245 _aEstructura del sector agrícola en Jalisco; escuenta en 18 municipios del estado
260 _aChapingo, Méx. :
_bEl autor,
_c1969
300 _a174 h
502 _aTesis (M.C. Esp. en Estadística) -- ENA. Colegio de Postgraduados
590 _aALEPH
_b10
_c20130110
_lUCH01
_h1235
590 _aBATCH-UPD
_b10
_c20130110
_lUCH01
_h2140
590 _aBATCH-UPD
_b10
_c20130410
_lUCH01
_h1449
590 _aBATCH-UPD
_b10
_c20130914
_lUCH01
_h1703
590 _aCONVERSION
_b10
_c20130109
_lUCH01
_h1309
650 1 4 _aAgricultura
_xAspectos economicos
_xJalisco.
_91263
650 1 4 _aAgricultura
_xJalisco.
_91714
650 1 4 _aTierras
_xTenencia
_xJalisco.
_9113176
901 _aBK
942 _cFOLL
949 _bBC
_cTES
_d-45065
_eTS1
_i19379
_si
949 _bBC
_cTES
_d-45066
_eTS2
_fc.2
_i19379
_si
949 _bBC
_cTES
_d-45067
_eTS2
_fc.3
_i19379
_si
999 _c14332
_d14332